<?xml version="1.0" encoding="UTF-8"?>
<collection xmlns:xsi="http://www.w3.org/2001/XMLSchema-instance" xsi:schemaLocation="http://www.loc.gov/MARC21/slim http://www.loc.gov/standards/marcxml/schema/MARC21slim.xsd" xmlns="http://www.loc.gov/MARC21/slim">
 <record>
  <leader>00000ctm a22000003a 4500</leader>
  <controlfield tag="001">UP-99796217613057169</controlfield>
  <controlfield tag="003">Buklod</controlfield>
  <controlfield tag="005">20250102154705.0</controlfield>
  <controlfield tag="006">t    gr     000 0 </controlfield>
  <controlfield tag="007">ta</controlfield>
  <controlfield tag="008">250102s2018    xx     d     |||| ||    |</controlfield>
  <datafield tag="035" ind1=" " ind2=" ">
   <subfield code="a">(iLib)UPD-00405466414</subfield>
  </datafield>
  <datafield tag="040" ind1=" " ind2=" ">
   <subfield code="a">DMC</subfield>
   <subfield code="e">rda</subfield>
  </datafield>
  <datafield tag="041" ind1=" " ind2=" ">
   <subfield code="a">eng</subfield>
  </datafield>
  <datafield tag="041" ind1="0" ind2=" ">
   <subfield code="a">tag</subfield>
  </datafield>
  <datafield tag="090" ind1=" " ind2=" ">
   <subfield code="a">LG 993.5 2018 M3</subfield>
   <subfield code="b">U87</subfield>
  </datafield>
  <datafield tag="100" ind1="1" ind2=" ">
   <subfield code="a">Ursabia, Crisyl</subfield>
   <subfield code="d">1996-</subfield>
   <subfield code="e">author</subfield>
  </datafield>
  <datafield tag="245" ind1="1" ind2="0">
   <subfield code="a">Pekpek bars!</subfield>
   <subfield code="b">ang kaso ng sekswal na objectification sa Fliptop</subfield>
   <subfield code="c">Crisyl Ursabia ; Daphne Tatiana Tolentino-Canlas, Ph.D., adviser.</subfield>
  </datafield>
  <datafield tag="264" ind1=" " ind2="0">
   <subfield code="a">Quezon City</subfield>
   <subfield code="b">University of the Philippines Diliman</subfield>
   <subfield code="c">2018.</subfield>
  </datafield>
  <datafield tag="300" ind1=" " ind2=" ">
   <subfield code="a">xii, 70 leaves</subfield>
   <subfield code="b">color illustrations</subfield>
   <subfield code="c">28 cm</subfield>
  </datafield>
  <datafield tag="336" ind1=" " ind2=" ">
   <subfield code="a">text</subfield>
   <subfield code="2">rdacontent</subfield>
  </datafield>
  <datafield tag="337" ind1=" " ind2=" ">
   <subfield code="a">unmediated</subfield>
   <subfield code="2">rdamedia</subfield>
  </datafield>
  <datafield tag="338" ind1=" " ind2=" ">
   <subfield code="a">volume</subfield>
   <subfield code="2">rdacarrier</subfield>
  </datafield>
  <datafield tag="500" ind1=" " ind2=" ">
   <subfield code="a">Vita.</subfield>
  </datafield>
  <datafield tag="502" ind1=" " ind2=" ">
   <subfield code="a">Thesis</subfield>
   <subfield code="b">A.B. Broadcast Communication</subfield>
   <subfield code="c">University of the Philippines Diliman, College of Mass Communication</subfield>
   <subfield code="d">2018</subfield>
  </datafield>
  <datafield tag="506" ind1=" " ind2=" ">
   <subfield code="a">Available to the general public.</subfield>
  </datafield>
  <datafield tag="520" ind1="3" ind2=" ">
   <subfield code="a">&quot;Maraming pag-aaral ang nagpapatunay ng misogyny sa kultura ng hiphop, partikulae sa rap. Gayunpaman, ang mga pag-aaral na ito ay nakapokus sa mga bansa sa Kanluran kung saan nagmula ang hiphop. Sa Pilipinas, itinatag ang FlipTop Battle League na naglalayong mas maipakilala at mapalaganap ang kultura ng hiphop at battle rap sa bansa. Tulad ng battle rap sa mga bansa sa kanluran, nagiging tampulan ng pambabastos at sekswal na objectification ang mga babae sa liga at hindi nila nagagamit ang kalayaan sa pagpapahayag upang ipagtanggol ang sarili. Sinuri ng pag-aaral na ito ang liriko ng mga rap ng mga lalaking emcee (MC) sa pamamagitan ng balangkas ng mga naunang Kanluraning pag-aaral nina Adams at Fuller (2006) at Weitzer at Kubrin (2009) tungkol sa misogyny sa rap upang makita ang kaso ng sekswal na objectification at pambabastos sa mga piling battle sa FlipTop. Bukod dito, sinuri ang lenggwahe at mga gawi ng mga femcee. Lumalabas man mula dito na isinasailalim nila ang mga sarili sa self-objectification, lumabas naman mula sa panayam sa isa sa mga femcee na ito ang kanyang paraan upang ipahayag ang sarili. Kinukunsidera ito bilang pagkalaban sa nakasanayang paniwala tungkol sa mga babae at pagbuo ng bagong identidad na karapat-dapat pa ring respetuhin.&quot;</subfield>
  </datafield>
  <datafield tag="650" ind1=" " ind2="0">
   <subfield code="a">Fliptop Battle League.</subfield>
  </datafield>
  <datafield tag="650" ind1=" " ind2="0">
   <subfield code="a">Misogyny.</subfield>
  </datafield>
  <datafield tag="650" ind1=" " ind2="0">
   <subfield code="a">Objectification (Social psychology).</subfield>
  </datafield>
  <datafield tag="700" ind1="1" ind2=" ">
   <subfield code="a">Tolentino-Canlas, Daphne Tatiana</subfield>
   <subfield code="e">adviser.</subfield>
  </datafield>
  <datafield tag="710" ind1="2" ind2=" ">
   <subfield code="a">University of the Philippines.</subfield>
   <subfield code="b">College of Mass Communication.</subfield>
  </datafield>
  <datafield tag="905" ind1=" " ind2=" ">
   <subfield code="a">FI</subfield>
  </datafield>
  <datafield tag="905" ind1=" " ind2=" ">
   <subfield code="a">UP</subfield>
  </datafield>
  <datafield tag="852" ind1="0" ind2=" ">
   <subfield code="a">UPD</subfield>
   <subfield code="b">DMC</subfield>
   <subfield code="h">LG 993.5 2018 M3</subfield>
   <subfield code="i">U87</subfield>
  </datafield>
  <datafield tag="942" ind1=" " ind2=" ">
   <subfield code="a">Thesis</subfield>
  </datafield>
 </record>
</collection>
